000 00339nam a2200145Ia 4500
008 090124s9999 xx 000 0 und d
082 _b204988
245 _a भालू
250 _a1
260 _bफॉकनर विल्यम
_c2000
300 _a103
630 _a भालू
730 _a भालू
942 _cBOOK
999 _c186569
_d186569